Online katalóg knižníc regiónu Turca

Moja tridsaťročná vojna (Record no. 22660)

MARC details
000 -LEADER
fixed length control field 01222cam a2200397 a 4500
001 - CONTROL NUMBER
control field 22660
003 - CONTROL NUMBER IDENTIFIER
control field SK-KTurca
005 - DATE AND TIME OF LATEST TRANSACTION
control field 20260415135806.0
008 - FIXED-LENGTH DATA ELEMENTS--GENERAL INFORMATION
fixed length control field 240226s1981 xo o gr 000 m slo
015 ## - NATIONAL BIBLIOGRAPHY NUMBER
National bibliography number SNBA1981/11
020 ## - INTERNATIONAL STANDARD BOOK NUMBER
Qualifying information (viazané)
035 ## - SYSTEM CONTROL NUMBER
System control number SNK000046379
035 ## - SYSTEM CONTROL NUMBER
System control number 2C07A4B7-1C05-440E-B956-9FBEC2AA92DC
035 ## - SYSTEM CONTROL NUMBER
System control number urn:nbn:sk:snk-am00igvj
040 ## - CATALOGING SOURCE
Original cataloging agency SNK
Language of cataloging slo
Transcribing agency SNK
Description conventions AACR2
041 1# - LANGUAGE CODE
Language code of text/sound track or separate title slo
Language code of original jpn
044 ## - COUNTRY OF PUBLISHING/PRODUCING ENTITY CODE
MARC country code xo
ISO country code SK
072 #7 - SUBJECT CATEGORY CODE
Subject category code 821.521
Subject category code subdivision Japonská literatúra
Source konspekt
080 ## - UNIVERSAL DECIMAL CLASSIFICATION NUMBER
Universal Decimal Classification number (0:82-96)
Edition identifier 2011
080 ## - UNIVERSAL DECIMAL CLASSIFICATION NUMBER
Universal Decimal Classification number 821.521-3
Edition identifier 2011
100 1# - MAIN ENTRY--PERSONAL NAME
Personal name Onoda, Hiroo,
Dates associated with a name 1922-2014
Relationship aut
240 10 - UNIFORM TITLE
Uniform title Waga sanjúnen senso
Language of a work Slovensky
245 10 - TITLE STATEMENT
Title Moja tridsaťročná vojna
Statement of responsibility, etc. Hiroo Onoda ; Karol Kuťka
250 ## - EDITION STATEMENT
Edition statement 1. vyd.
260 ## - PUBLICATION, DISTRIBUTION, ETC.
Place of publication, distribution, etc. Bratislava
Name of publisher, distributor, etc. Pravda
Date of publication, distribution, etc. 1981
Place of manufacture Žilina
Manufacturer Pravda
300 ## - PHYSICAL DESCRIPTION
Extent 233 s.
Other physical details fotografie
Dimensions 21 cm
366 ## - TRADE AVAILABILITY INFORMATION
Note 6000 výtl.
500 ## - GENERAL NOTE
General note Mp. na predsádkach. Ilustr. na front.
655 #7 - INDEX TERM--GENRE/FORM
Genre/form data or focus term japonské prózy
Source of term SNKPH
655 #7 - INDEX TERM--GENRE/FORM
Genre/form data or focus term literatúra faktu
Source of term SNKPH
655 #7 - INDEX TERM--GENRE/FORM
Genre/form data or focus term Japanese prose literature
Source of term SNKPHeng
655 #7 - INDEX TERM--GENRE/FORM
Genre/form data or focus term Non fiction
Source of term SNKPHeng
700 1# - ADDED ENTRY--PERSONAL NAME
Personal name Kuťka, Karol,
Dates associated with a name 1951-
Relationship trl
942 ## - ADDED ENTRY ELEMENTS (KOHA)
Source of classification or shelving scheme Dewey Decimal Classification
Koha item type Odborná literatúra pre dospelých
Suppress in OPAC No
Holdings
Stav vyradenia Strata Poškodenie Spôsob nadobudnutia Domovská knižnica Aktuálna knižnica Dátum nadobudnutia Total checkouts Čiarový kód exemplára Date last seen Typ exemplára
      Dar Obecná knižnica Horná Štubňa Obecná knižnica Horná Štubňa 15.04.2026   4736202138 15.04.2026 Odborná literatúra pre dospelých
Projekt je podporený Slovenskou asociáciou knižníc
Prevádzkuje Turčianska knižnica Martin 2026